000 00681nam a22002051c 4500
001 a987685669
008 061023s2005 gw |||| 000u ger d
020 _a3596139341
_93-596-13934-1
041 _ager
100 1 _aUeberschär, Gerd R.
245 0 0 _aFür ein anderes Deutschland :
_bder Widerstand gegen den NS-Staat 1933-1945 /
_cGerd R. Überschär ; Peter Steinbach
264 _aFrankfurt am Main :
_bFischer-Taschenbuch-Verl.,
_c2005
300 _a400 S.
650 0 _aWiderstand <Deutschland, 1933-1945>
700 1 _aSteinbach, Peter
_eVerfasserIn
942 _cMG
040 _cRU-10907106
003 RU-10907106
999 _c10638
_d10638
490 0 _aFischer-Taschenbuch
_v13934 : Geschichte